Т. 5; Трение, износ и смазочные материалы

Podrobná bibliografie
Parent link:Трение, износ и смазочные материалы: труды Международной научной конференции, Ташкент, 22-26 мая 1985 г./ Академия наук СССР (АН СССР), Институт проблем механики (ИПМех) ; Ташкентский политехнический институт им. А. Б. Беруни (ТашПИ) ; под ред. А. Ю. Ишлинского. Т. 5.— , 1985
Jazyk:ruština
Vydáno: 1985
Témata:
Médium: Kniha
KOHA link:https://koha.lib.tpu.ru/cgi-bin/koha/opac-detail.pl?biblionumber=285976

MARC

LEADER 00000nam2a2200000 4500
001 285976
005 20231101235840.0
020 |a RU  |b 85-63562 
035 |a (RuTPU)RU\TPU\book\310264 
090 |a 285976 
100 |a 20150302g1985 k y0rusy5003 ca 
101 0 |a rus 
102 |a UZ 
105 |a y z 100zy 
200 0 |a Т. 5 
210 |d 1985 
215 |a 151 с. 
461 1 |0 (RuTPU)RU\TPU\book\293120  |t Трение, износ и смазочные материалы  |o труды Международной научной конференции, Ташкент, 22-26 мая 1985 г.  |o в 5 т.  |f Академия наук СССР (АН СССР), Институт проблем механики (ИПМех) ; Ташкентский политехнический институт им. А. Б. Беруни (ТашПИ) ; под ред. А. Ю. Ишлинского  |v Т. 5  |d 1985 
606 |a Машины  |x Смазка  |2 stltpush  |3 (RuTPU)RU\TPU\subj\66462  |9 82571 
610 1 |a трение 
610 1 |a износ 
610 1 |a смазочные материалы 
610 1 |a бинарные поверхности 
610 1 |a изнашивание 
610 1 |a безабразивная обработка 
610 1 |a режущие инструменты 
610 1 |a твердые тела 
610 1 |a гетероцепные полимеры 
610 1 |a триботехнические свойства 
610 1 |a полиолефины 
610 1 |a динамические процессы 
610 1 |a математическое моделирование 
610 1 |a линеаризация 
610 1 |a лазерная обработка 
610 1 |a сейсмодинамика 
675 |a 621.89(063)  |v 3 
801 0 |a RU  |b RuMRKP  |c 19950704  |g psbo 
801 1 |a RU  |b 63413507  |c 20150302 
801 2 |a RU  |b 63413507  |c 20171222  |g RCR 
942 |c BK